UBT Library

Focus on personal finance : (Record no. 1207)

000 -LEADER
fixed length control field 00731nam a22002297a 4500
008 - FIXED-LENGTH DATA ELEMENTS--GENERAL INFORMATION
fixed length control field 151001b xxu||||| |||| 00| 0 eng d
020 ## - INTERNATIONAL STANDARD BOOK NUMBER
International Standard Book Number 9780073530635 (alk. paper)
020 ## - INTERNATIONAL STANDARD BOOK NUMBER
International Standard Book Number 0073530638 (alk. paper)
041 0# - LANGUAGE CODE
Language code of text/sound track or separate title eng
080 ## - UNIVERSAL DECIMAL CLASSIFICATION NUMBER
Universal Decimal Classification number 336 KAP
100 1# - Rafti
Rafti 0073530638 (alk. paper)
245 10 - TITLE STATEMENT
Title Focus on personal finance :
Statement of responsibility, etc Jack R. Kapoor, Les R. Dlabay, Robert J. Hughes.
250 ## -
-- 2nd ed.
260 ## -
-- Boston :
-- McGraw-Hill/Irwin,
-- c2008.
300 ## -
-- xxiv, 504 f. :
-- me il.;
-- 28 cm.
650 #0 -
-- Financa
650 #0 -
-- Personale
650 #0 -
-- Investime
700 1# -
-- Dlabay, Les R.
700 1# -
-- Hughes, Robert James,
942 ## - ADDED ENTRY ELEMENTS (KOHA)
Source of classification or shelving scheme
Item type Books
Holdings
Withdrawn status Lost status Source of classification or shelving scheme Damaged status Not for loan Collection code Permanent location Current location Shelving location Date acquired Total Checkouts Full call number Barcode Date last seen Price effective from Koha item type
          Koleksioni i përgjithshem UBT - Lipjan UBT - Lipjan Koleksioni i lëndeve mesimore 10/01/2015   336 KAP 002-008131 10/01/2015 10/01/2015 Books
UBT Library © 2015-2024. All rights reserved University Education for Business and Technology